| 000 | 00484nam a22001692 4500 | ||
|---|---|---|---|
| 001 | 0000024662 | ||
| 005 | 20151217161645.0 | ||
| 008 | 140123s xx 000 0 eng d | ||
| 040 |
_aKABU _cKABU |
||
| 100 | 1 |
_aNyabonyi, Winnie. _@0000185044 |
|
| 245 | 1 | 0 |
_aFrom convention to classroom : _brealizing human rights education in Kenya / _cWinnie Nyabonyi. |
| 260 | _c2013. | ||
| 300 | _avii, 33 p. | ||
| 908 | _a140123 | ||
| 950 | _@1 | ||
| 999 |
_c15504 _d15504 |
||